00642nam a2200205 a 4500008004100000020001800041050001400059100002100073245010600094250001300200260005300213300002200266350001000288500002600298650002500324650002700349650002300376700001700399700002000416120220s2009 ||||||||||||||||| || u a9780443068485 aRC 76 Mac aRobertson, Colin10aMacleod's clinical examination. (12th ed.)cedited by Graham Douglas, Fiona Nicol and Colin Robertson a12th ed. aEdinburgh:bChurchill Livingstone/Elsevierc2009 axiii, 476p.: ill. a65.95 aAccompanied by CD-ROM aPHYSICAL EXAMINATION aMEDICAL HISTORY TAKING 0aPHYSICAL DIAGNOSIS aNicol, Fiona aDouglas, Graham